| 000 | 00431nam a2200169 a 4500 | ||
|---|---|---|---|
| 001 | 2288 | ||
| 005 | 20180713182301.0 | ||
| 008 | 140415s1960 sp 000 0 spa d | ||
| 041 | _aspa | ||
| 082 |
_a972.031 _bFIL |
||
| 100 | 1 | _aFILGUEIRA VALVERDE, JOSE | |
| 245 | 1 | 0 | _aHERNAN CORTES |
| 250 | _a1a ed. | ||
| 260 |
_aESPAÑA : _bCULTURA HISPANICA, _c1960 |
||
| 300 | _a161 | ||
| 650 | 1 | 4 |
_aMEXICO _xHISTORIA _xCOLONIA |
| 999 |
_c2288 _d2288 |
||